Представление документа в формате RUSMARC

ПолеНазваниеЗначение
  Тип записи a
  Библиографический уровень c
001 Контрольный номер 2363acc60c374af8b6dda1b9b25ddc56
005 Дата корректировки 20211220163402.8
010 Индекс ISBN __
a ISBN 978-5-907297-55-5
b Уточнения в пер.
9 Тираж 150 экз.
d Цена 300-00
100 Данные общей обработки __
a Данные общей обработки 20210309d2020####k y0rusy028902 ca
101 Язык документа 0_
a Язык текста rus
102 Страна публикации __
a Страна публикации RU
105 Кодированные данные (монография) __
a Кодированные данные (монография) aaahz 001yy
181 Поле кодированных данных: вид содержания _0
a Код вида содержания (ISBD) i
182 Поле кодированных данных: тип средства _0
a Код типа средства (ISBD) n
200 Заглавие и сведения об ответственности 1_
a Заглавие Накануне "Большой нефти": Югра в послевоенные годы (1945-1950-е гг.)
e Сведения, относящиеся к заглавию сборник научных статей
f Первые сведения об ответственности БУ ВО Ханты-Мансийского автономного округа - Югры "Сургутский государственный университет", Институт гуманитарного образования и спорта
g Последующие сведения об ответственности редакционная коллегия: Игорь Николаевич Стась [и др.]
203 Вид содержания и тип средства __
a Вид содержания Текст
c Тип средства непосредственный
210 Выходные данные 1_
a Место издания Екатеринбург
c Издательство Альфа Принт
d Дата издания 2020
215 Физическое описание __
a Объем 201 с.
c Иллюстрации/тип воспроизводства табл.
d Формат 21 см
300 Общие примечания __
a Общие примечания Обязат. экз. (2021-2)
320 Библиография __
a Библиография Библиография в конце статей
330 Аннотация __
a Аннотация Послевоенная пятнадцатилетняя эпоха в округе насыщена «белыми пятнами». Исторические процессы 1945–1960 гг. в регионе не нашли полного и комплексного отражения в российской историографии. Этот преиод и стал объектом изучения Всероссийской научной конференции «Накануне «большой нефти»: Югра в послевоенные годы (1945–1960 гг.)», прошедшей в СурГУ в октябре 2019 г. Обсуждались следующие важнейшие вопросы истории Югры середины XX в.: Какие исторические последствия для региона повлекло за собой окончание Великой Отечественной войны? Как развивалась политическая система в Ханты-Мансийском округе в условиях вхождения с 1944 г. в состав Тюменской области? Какие трудности преодолевали геологи в поисках нефти и газа? Каким образом геологические экспедиции повлияли на экономическую и социальную жизнь Югры в послевоенные годы? Какую эволюцию прошла спецпоселенческая сеть на Севере Западной Сибири? Какие демографические тенденции были свойственны рубежной эпохе? Что представляла собой Югра середины XX в. в контексте социальной и культурной истории? Сборник материалов конференции предназначен для всех интересующихся историей края.
464 Аналитический уровень _0
1 2001
a Основные направления деятельности Сургутского районного совета (1945-1953 гг.)
1 700 1
a Смирнова
b Т. А.
464 Аналитический уровень _0
1 2001
a Природные ресурсы Севера Тюменской области как источник экономического развития государства в послевоенное время
e
1 700 1
a Михеева
b Ю. С.
464 Аналитический уровень _0
1 2001
a Предпосылки формирования дорожно-строительной отрасли в Ханты-Мансийском национальном округе в 1930-1950-е гг.
1 700 1
a Веселов
b С. И.
464 Аналитический уровень _0
1 2001
a Система спецпоселений Югры в послевоенные годы
1 700 1
a Иванов
b А. С.
464 Аналитический уровень _0
1 2001
a Национальный состав учителей Югры в 1945-1953 гг.
1 700 1
a Кирилюк
b Д. В.
g Денис Валериевич
464 Аналитический уровень _0
1 2001
a Общая характеристика кадрового состава судей Ханты-Мансийского округа (1945-1955 гг.)
1 700 1
a Шкаревский
b Д. Н.
g Денис Николаевич
464 Аналитический уровень _0
1 2001
a Развитие городской среды Ханты-Мансийска в преднефтегазовый период (1955-1960 гг.)
1 700 1
a Ляхов
b М. И.
464 Аналитический уровень _0
1 2001
a Первая в Северо-Западной Сибири скважина глубокого бурения
1 700 1
a Прищепа
b А. И.
g Александр Иванович
464 Аналитический уровень _0
1 2001
a Первая тюменская нефть: Атлым? Шаим?
1 700 1
a Комгорт
b М. В.
g Марина Валерьевна
464 Аналитический уровень _0
1 2001
a Электроэнергетика Ханты-Мансийского округа в 1930-1950-е гг.
1 700 1
a Мантикова
b Э. К.
g Эльмира Курмангазиевна
517 Другие варианты заглавия 1_
a Другие варианты заглавия Югра в послевоенные годы (1945-1950-е гг.)
600 Персоналии _1
a Персоналии (Фамилия) Салманов
b Персоналии (Имя) Ф. К. оглы
g Полное имя Фарман Курбан оглы
f Даты 1931-2007
601 Наименование организации как предмет 12
a Наименование организации как предмет Сургутский районный совет
601 Наименование организации как предмет 12
a Наименование организации как предмет Березовский стекольный завод
601 Наименование организации как предмет 12
a Наименование организации как предмет Сургутская нефтеразведочная экспедиция
606 Тематические рубрики __
a Основная рубрика История России в целом
y Географическая подрубрика Ханты-Мансийский автономный округ
y Географическая подрубрика ХМАО
y Географическая подрубрика Сургутский район
y Географическая подрубрика Сургут
y Географическая подрубрика Тюменская область
y Географическая подрубрика Ханты-Мансийский национальный округ
y Географическая подрубрика Нижневартовский район
y Географическая подрубрика Ларьякский район
y Географическая подрубрика Ханты-Мансийск
z Хронологическая подрубрика 20 в.
z Хронологическая подрубрика 1945 - 1950 гг.
606 Тематические рубрики __
a Основная рубрика История
610 Ключевые слова 1_
a Ключевые слова краеведение
610 Ключевые слова 1_
a Ключевые слова история края
610 Ключевые слова 1_
a Ключевые слова ханты
610 Ключевые слова 1_
a Ключевые слова манси
610 Ключевые слова 0_
a Ключевые слова экономика Югры
610 Ключевые слова 0_
a Ключевые слова послевоенное время
610 Ключевые слова 0_
a Ключевые слова экономика
610 Ключевые слова 0_
a Ключевые слова экономическое развитие
610 Ключевые слова 0_
a Ключевые слова природные ресурсы
610 Ключевые слова 0_
a Ключевые слова электроэнергетика
610 Ключевые слова 0_
a Ключевые слова дорожное строительство
610 Ключевые слова 0_
a Ключевые слова демография
610 Ключевые слова 0_
a Ключевые слова демографическая история
610 Ключевые слова 0_
a Ключевые слова спецпоселения
610 Ключевые слова 0_
a Ключевые слова учителя
610 Ключевые слова 0_
a Ключевые слова судьи
610 Ключевые слова 0_
a Ключевые слова кадровый состав
610 Ключевые слова 0_
a Ключевые слова открытие нефти
610 Ключевые слова 0_
a Ключевые слова нефтеразведка
610 Ключевые слова 0_
a Ключевые слова нефтеразведочные экспедиции
610 Ключевые слова 0_
a Ключевые слова геологи
610 Ключевые слова 0_
a Ключевые слова геологоразведка
686 Индексы других классификаций __
2 Код системы rubbks
a Классификационный индекс К63.3(2Рос-6Хан); стК63.3(2Рос-6Хан)
702 Вторичная интеллектуальная ответственность _1
a Фамилия Стась
b Имя И. Н.
g Полное личное имя Игорь Николаевич
4 Код отношения 340
702 Вторичная интеллектуальная ответственность _1
a Фамилия Кирилюк
b Имя Д. В.
g Полное личное имя Денис Валериевич
4 Код отношения 340
702 Вторичная интеллектуальная ответственность _1
a Фамилия Иванов
b Имя И. С.
g Полное личное имя Иван Сергеевич
4 Код отношения 340
712 Наименование организации (Вторичная ответственность) 02
a Организация/ юрисдикция Сургутский государственный университет
b Другие уровни Институт гуманитарного образования и спорта
b Другие уровни Кафедра истории России
712 Наименование организации (Вторичная ответственность) 02
a Организация/ юрисдикция "Накануне "Большой нефти": Югра в послевоенные годы (1945-1950-е гг.)", всероссийская научная конференция
e Место проведения временной организации Сургут
f Дата проведения 2019
801 Источник записи _0
b Организация Муниципальное бюджетное учреждение культуры "Централизованная библиотечная система" г. Сургут (Центральная городская библиотека им. А. С. Пушкина)
a Страна RU
c Дата составления 20210309
g Правила каталогизации PSBO
801 Источник записи _1
b Организация Муниципальное бюджетное учреждение культуры "Централизованная библиотечная система" г. Сургут (Центральная городская библиотека им. А. С. Пушкина)
a Страна RU
c Дата составления 20210309
g Правила каталогизации PSBO
852 Данные о местонахождении 5_
j Шифр хранения К63.3(2Рос-6Хан)
i Авторский знак Н 21
900 Макрообъекты __
a Макрообъекты Накануне Большой нефти. Югра в послевоенные годы, 2020
901 Тип документа __
a Ответственный КиК/Котельникова
t Тип документа x
903 Характеристики (МАРС) __
a Дата передачи 20210309
c Наименование библиотеки (МАРС) Муниципальное бюджетное учреждение культуры "Централизованная библиотечная система" г. Сургут (Центральная городская библиотека им. А. С. Пушкина)
990 Данные о заказе (DOS) __
j Количество экземпляров (DOS) 2
t N записи в КСУ для И/У (DOS) 202103